| 000 | 00829nam a2200265 a 4500 | ||
|---|---|---|---|
| 001 | BRCA_3629 | ||
| 005 | 20190320204348.0 | ||
| 008 | 250809s2001----sp-a---###---#000-0#spa-# | ||
| 020 | _a3829025599 | ||
| 041 | _aspa | ||
| 044 | _asp | ||
| 050 | 4 |
_aNA385 _b.I85 2001 |
|
| 245 | 1 | 0 |
_aEl islam _barte y arquitectura _ceditado por Markus Hattstein y Peter Delius. |
| 260 |
_aBarcelona _bKönemann _c2001 |
||
| 300 |
_a639 p. _bil. a color _c32 cm. |
||
| 500 | _aIncluye índice analítico y glosario | ||
| 500 | _aTraducción de: Islam-Kunst und Architektur | ||
| 504 | _aBibliografía: p. 604-610 | ||
| 650 | 1 | 4 |
_aArquitectura islámica _99413 |
| 650 | 1 | 4 |
_aCivilización islámica _xArquitectura _99414 |
| 650 | 1 | 4 |
_aIslam _xArte _99415 |
| 700 | 1 |
_aHattstein, Markus _99416 |
|
| 700 | 1 |
_aDelius, Peter _99417 |
|
| 942 |
_2lcc _cB |
||
| 999 |
_c3364 _d3364 |
||